header

Family-based treatment for young children with OCD (Record no. 15434)

MARC details
000 -LEADER
fixed length control field 02088nam a22003974a 4500
082 04 - DEWEY DECIMAL CLASSIFICATION NUMBER
Classification number 618.92/891425
100 1# - MAIN ENTRY--AUTHOR NAME
Personal name Freeman, Jennifer Beth.
245 10 - TITLE STATEMENT
Title Family-based treatment for young children with OCD
260 ## - PUBLICATION, DISTRIBUTION, ETC. (IMPRINT)
Place of publication Oxford ;
-- New York :
Name of publisher Oxford University Press,
Year of publication 2009.
300 ## - PHYSICAL DESCRIPTION
Number of Pages xiv, 193 p. :
Other physical details ill.
490 1# - SERIES STATEMENT
Series statement Programs that work
505 0# - FORMATTED CONTENTS NOTE
Formatted contents note Introductory information for therapists -- Assessment -- Introduction to the treatment program (parents only) -- Laying the groundwork (parents only) -- Child introduction to treatment program -- Family-based treatment -- E/RP modeling -- E/RP introduction to scaffolding -- E/RP using parental scaffolding -- E/RP : mid hierarchy/portability of tools -- E/RP: mid hierarchy/extending strategies -- E/RP : top of the hierarchy/preparation for termination -- E/RP : top of the hierarchy/relapse prevention -- Review/graduation party.
650 #0 - SUBJECT ADDED ENTRY--TOPICAL TERM
Topical Term Obsessive-compulsive disorder in children
Topical Term Cognitive therapy for children.
Topical Term Parent and child.
Topical Term Family psychotherapy.
700 1# - ADDED ENTRY--PERSONAL NAME
Personal name Garcia, Abbe Marrs.
856 40 - ELECTRONIC LOCATION AND ACCESS
Uniform Resource Identifier http://site.ebrary.com/lib/rucke/Doc?id=10288418

No items available.

© 2026 Rongo University
Contact us: librarian | system librarian | Rongo university